00756nam a2200181 a 450000100100000000500170001000800410002704000250006808200160009310000700010924501280017924600480030726000590035530000200041404900090043495201140044399900170055700002933720200930055503.0110414s1938 dr 000 0 spa d aDO-SdBNPbspacBNPHU axxxxbT866d1 aRepública Dominicana.bPresidente (1930-1961 : Trujillo)95621510aDiscurso pronunciado por el presidente Trujillo, benefactor de la patria, en la Asamblea Nacional del 16 de agosto de 1938.10aMagistral discurso del presidente Trujillo. aSantiago, República Dominicana, :bEl Diario,c1938. a18 p. ;c21 cm. aBNPD 0010718PDaPDbPDcCTd2011-04-14iLF1l0oxxxx T866dp29337-10r2020-06-25w2020-06-25yLFPDZNo se presta c28829d28829